Health assessment in nursing / (رقم التسجيلة. 31467)
[ عرض عادي ]
| 000 -الفاتح | |
|---|---|
| حقل البيانات ثابتة الطول | 01406cam a22003854a 4500 |
| 001 - رقم الضبط | |
| رقم الضبط | 14167161 |
| 003 - محدد رقم الضبط | |
| رقم الضبط | OSt |
| 005 - وقت وتاريخ اخر تعامل مع التسجيلة | |
| رقم الضبط | 20150408114144.0 |
| 008 - عناصر البيانات ثابتة الطول - معلومات عامة | |
| حقل البيانات ثابتة الطول | 051031s2010 paua | b 001 0 eng |
| 010 ## - رقم ضبط مكتبة الكونجرس | |
| رقم ضبط مكتبة الكونجرس | 2005031070 |
| 016 7# - رقم ضبط الوكاله الوطنية للضبط الببليوجرافي | |
| رقم ضبط التسجيلة | 101260637 |
| المصدر | DNLM |
| 020 ## - الرقم الدولى المعيارى للكتب | |
| الرقم الدولى المعيارى للكتاب | 0781762405 (cloth : alk. paper) |
| 020 ## - الرقم الدولى المعيارى للكتب | |
| الرقم الدولى المعيارى للكتاب | 9780781762403 |
| 020 ## - الرقم الدولى المعيارى للكتب | |
| الرقم الدولى المعيارى للكتاب | 9781608316083 |
| 035 ## - رقم ضبط النظام | |
| رقم ضبط النظام | (OCoLC)ocm62324456 |
| 040 ## - مصدر الفهرسة | |
| وكالة الفهرسة الأصلية | DNLM/DLC |
| وكالة النسخ | DLC |
| وكالة التعديل | NLM |
| -- | BAKER |
| -- | C#P |
| -- | DLC |
| 042 ## - رمز التحقق | |
| رمز التحقق | pcc |
| 050 00 - رقم طلب مكتبة الكونجرس | |
| رقم التصنيف | RT48 |
| رقم المادة | .W43 2007 |
| 060 10 - رقم الطلب بالمكتبة الطبية الوطنية | |
| رقم التصنيف | WY 100.4 |
| رقم المادة | W374h 2007 |
| 082 00 - رقم تصنيف ديوى العشرى | |
| رقم التصنيف | 610.73 |
| رقم الطبعة | 22 |
| رقم المادة | WJH |
| 100 1# - المدخل الرئيسى - إسم شخصى | |
| الإسم الشخصى | Weber, Janet. |
| 9 (RLIN) | 20083 |
| 245 10 - بيان العنوان | |
| العنوان | Health assessment in nursing / |
| بيان المسئوليه,etc | Janet Weber, Jane H. Kelley. |
| 250 ## - بيان الطبعة | |
| بيان الطبعة | 3rd ed. |
| 260 ## - PUBLICATION, DISTRIBUTION, ETC. (IMPRINT) | |
| مكان الناشر او الموزع | Philadelphia : |
| اسم الناشر او الموزع | Lippincott Williams & Wilkins, |
| تاريخ النشر أو التوزيع | 2010 |
| 300 ## - الوصف المادى | |
| التعداد | xxi, 1001 p. : |
| تفاصيل ماديه اخرى للوعاء | ill. (chiefly col.) ; |
| أبعاد الوعاء | 29 cm. + |
| المادة المصاحبة | 1 CD-ROM (4 3/4 in.) |
| 504 ## - تبصرة ببليوجرافية | |
| تبصرة ببليوجرافية,الخ | Includes bibliographical references and index. |
| 650 #0 - المدخل الاضافى بالموضوع-مصطلح موضوعى | |
| مصطلح موضوعي أو اسم جغرافي كعنصر مدخل | Nursing assessment. |
| 650 12 - المدخل الاضافى بالموضوع-مصطلح موضوعى | |
| مصطلح موضوعي أو اسم جغرافي كعنصر مدخل | Nursing Assessment |
| التقسيم الفرعي العام | methods. |
| 700 1# - المدخل الاضافى - اسم شخصى | |
| الإسم الشخصى | Kelley, Jane, |
| التواريخ المصاحبة للاسم | 1944- |
| 9 (RLIN) | 20084 |
| 856 41 - الوصول و الموقع الالكترونى | |
| مواد محددة | Table of contents only |
| معرف المصدر الموحد | <a href="http://www.loc.gov/catdir/toc/ecip063/2005031070.html">http://www.loc.gov/catdir/toc/ecip063/2005031070.html</a> |
| 856 42 - الوصول و الموقع الالكترونى | |
| مواد محددة | Publisher description |
| معرف المصدر الموحد | <a href="http://www.loc.gov/catdir/enhancements/fy0712/2005031070-d.html">http://www.loc.gov/catdir/enhancements/fy0712/2005031070-d.html</a> |
| 906 ## - عنصر بيانات محلى F, LDF (RLIN) | |
| a | 7 |
| b | cbc |
| c | orignew |
| d | 1 |
| e | ecip |
| f | 20 |
| g | y-gencatlg |
| 942 ## - عناصر المدخل الإضافي( كوها) | |
| مصدر التصنيف او مخطط الترفيف | Dewey Decimal Classification |
| Koha [default] item type | كتاب |
| حالة الفقد | نموذج السعر الفعال | حالة تلف | ليس للاعارة | رقم الطلب | تاريخ الاكتساب | الموقع الحالي | الباركود | الفرع الرئيسي | Date last seen | نوع المادة فى نظام كوها | مصدر التصنيف او خطة الترفيف | Total Checkouts | Date last checked out |
|---|---|---|---|---|---|---|---|---|---|---|---|---|---|
| 2013-10-26 | 610.73 WJH | 2013-10-26 | المكتبة المركزية بالمجمعة (CL) | 00402083 | المكتبة المركزية بالمجمعة (CL) | 2013-10-26 | كتاب | Dewey Decimal Classification | |||||
| 2013-10-26 | 610.73 WJH | 2013-10-26 | المكتبة المركزية بالمجمعة (CL) | 00402084 | المكتبة المركزية بالمجمعة (CL) | 2013-10-26 | كتاب | Dewey Decimal Classification | |||||
| 2013-10-26 | 610.73 WJH | 2013-10-26 | المكتبة المركزية بالمجمعة (CL) | 00402085 | المكتبة المركزية بالمجمعة (CL) | 2013-10-26 | كتاب | Dewey Decimal Classification | |||||
| 2013-10-26 | 610.73 WJH | 2013-10-26 | مكتبة كلية العلوم الطبية التطبيقية بالمجمعة - طالبات (AMF) | 00402086 | مكتبة كلية العلوم الطبية التطبيقية بالمجمعة - طالبات (AMF) | 2025-11-04 | كتاب | Dewey Decimal Classification | 7 | 2025-09-07 | |||
| 2013-10-26 | 610.73 WJH | 2013-10-26 | مكتبة كلية العلوم الطبية التطبيقية بالمجمعة - طالبات (AMF) | 00402087 | مكتبة كلية العلوم الطبية التطبيقية بالمجمعة - طالبات (AMF) | 2023-10-04 | كتاب | Dewey Decimal Classification | 5 | 2020-03-08 | |||
| 2013-10-26 | 610.73 WJH | 2013-10-26 | مكتبة كلية العلوم الطبية التطبيقية بالمجمعة - طالبات (AMF) | 00402088 | مكتبة كلية العلوم الطبية التطبيقية بالمجمعة - طالبات (AMF) | 2020-02-16 | كتاب | Dewey Decimal Classification | 4 | 2020-02-12 |
